Herkanaidu v LB Lambeth (Record no. 62170)

MARC details
000 -LEADER
fixed length control field 00778cam a2200193 4500
001 - CONTROL NUMBER
control field X104573
008 - FIXED-LENGTH DATA ELEMENTS--GENERAL INFORMATION
fixed length control field 000000n1999 000 0 eng u
035 ## - SYSTEM CONTROL NUMBER
System control number (Sirsi) u103473
245 ## - TITLE STATEMENT
Title Herkanaidu v LB Lambeth
260 ## - PUBLICATION, DISTRIBUTION, ETC.
Date of publication, distribution, etc. 1999
490 ## - SERIES STATEMENT
Series statement New Property Cases
Volume/sequential designation [1999] NPC 159
520 ## - SUMMARY, ETC.
Summary, etc. ChD 13 December 1999. National Conditions of Sale. Special conditions of sale. Law of Property (Miscellaneous Provisions) Act 1994 s3. Distinction between matters of fact and legal obligations. TAKEN FROM JOURNAL HEADNOTE- NO PHOTOCOPYING ALLOWED.
650 ## - SUBJECT ADDED ENTRY--TOPICAL TERM
Topical term or geographic name entry element HERKANAIDU V LB LAMBETH
650 ## - SUBJECT ADDED ENTRY--TOPICAL TERM
Topical term or geographic name entry element LAW OF PROPERTY (MISCELLANEOUS PROVISIONS) ACT 1994
650 ## - SUBJECT ADDED ENTRY--TOPICAL TERM
Topical term or geographic name entry element CONDITIONS OF SALE
650 ## - SUBJECT ADDED ENTRY--TOPICAL TERM
Topical term or geographic name entry element CONVEYANCING
690 ## - LOCAL SUBJECT ADDED ENTRY--TOPICAL TERM (OCLC, RLIN)
Topical term or geographic name as entry element PROPERTY LAW AND PRACTICE-CASE LAW
942 ## - ADDED ENTRY ELEMENTS (KOHA)
Suppress in OPAC 0
Holdings
Withdrawn status Lost status Source of classification or shelving scheme Damaged status Not for loan Home library Current library Shelving location Date acquired Total Checkouts Full call number Barcode Date last seen Copy number Price effective from Koha item type
    Dewey Decimal Classification     London London Journal article 10/01/2000   X104573 103473-1001 06/08/2019 1 06/08/2019 Law report